Rahsia perindu

Bibliographic Details
Main Author: Ramlee Awang Murshid
Format: Book
Published: Shah Alam : Alaf 21 , 2007
Subjects:

MARC

LEADER 00000cam a2200000 7i4500
001 0000019696
005 20070628.0
020 |a 9831241843 
040 |a INS 
090 0 0 |a PL5136   |b R36 2007 
100 1 |a Ramlee Awang Murshid 
245 1 0 |a Rahsia perindu   |c Ramlee Awang Murshid 
260 |a Shah Alam :   |b Alaf 21 ,   |c 2007 
300 |a 565 ms. ;   |c 19 cm. 
650 0 0 |a Malay fiction 
999 |a 0000018844   |b BOOK   |c Open Shelf   |e Default branch